| 000 | 00845ntm a22002297a 4500 | ||
|---|---|---|---|
| 005 | 20170813143114.0 | ||
| 008 | 170802s2011 xx a frb 000 0 eng d | ||
| 040 |
_aEG-ScBUE _beng _cEG-ScBUE |
||
| 082 | 0 | 4 |
_222 _a624 _bFOU |
| 100 | 1 | _aFouda, Mohamed Adel Ahmed. | |
| 245 | 1 | 0 |
_alean construction as a competitive advantage in the Egyptian construction market / _cMohamed Adel Ahmed Fouda. |
| 260 | _c2011. | ||
| 300 |
_aix, 64 p. : _bill. (col.) ; _c28 cm. |
||
| 500 | _aA dissertation submitted to the faculty of engineering the British University in Egypt,in partial fulfillment of the requirements for the bachelor degree in civil engineering | ||
| 590 | _anagwa | ||
| 650 | 7 |
_2BUEsh _aCivil Engineering _vProjects |
|
| 653 |
_bENGCIV _cAugust2017 |
||
| 655 | _vSPRO | ||
| 700 | 1 |
_aOthman, Ayman. _ethe |
|
| 777 | _ASPRO | ||
| 942 | _2ddc | ||
| 999 |
_c25273 _d25245 |
||